000 00231nam a22001097a 4500
999 _c134
_d134
001 Cal001
003 CoMeUDCCal001
005 20181027134057.0
008 180705b ||||| |||| 00| 0 eng d
245 _aCalculadora
942 _2ddc
_cCAL